000 00382nam a22001457a 4500
999 _c7821
_d7821
003 OSt
005 20200522141704.0
008 200522b ||||| |||| 00| 0 eng d
020 _a9781851774357
082 _a720GAW
110 _a Gawne, Eleanor; Snodin, Michael
245 _a Exploring architecture : buildings, meaning and making
260 _b V & A Publications
942 _2ddc